Foundations of Statistical Natural Language Processing

Salvato in:
Dettagli Bibliografici
Autori principali: Manning, Christopher D. (Autore), Schutze, Hinrich (Autore)
Natura: Libro
Lingua:inglese
Pubblicazione: Cambridge : The MIT Press, 1999
Soggetti:
Tags: Aggiungi Tag
Nessun Tag, puoi essere il primo ad aggiungerne!!

MARC

LEADER 00000nam a22000003a 4500
001 stu176037
005 20190206134344.8
008 081120s1999----uk------------------eng-d
020 |a 0-262-13360-1 
040 |a STU  |b slo 
041 0 |a eng 
044 |a uk 
100 1 |a Manning, Christopher D.  |4 aut 
245 1 |a Foundations of Statistical Natural Language Processing 
260 |a Cambridge :  |b The MIT Press,  |c 1999 
300 |a 680 s 
650 7 |a výpočtová lingvistika  |2 stusub 
650 7 |a štatistické metódy  |2 stusub 
700 1 |a Schutze, Hinrich  |4 aut 
996 |c I*8M6003  |l II680  |s A  |a 24  |w stu176037_0001